| 000 | 01445cas a2200289 a 4500 | ||
|---|---|---|---|
| 005 | 20241016063906.0 | ||
| 006 | s|||||o|||| 00| 0 | ||
| 008 | 991125c1994 ck fr p|o 000 0 spa d | ||
| 022 | _a2145-9797 | ||
| 035 | _aUPN01000200998 | ||
| 040 |
_aMX-MxUPN _bspa _cMX-MxUPN _eaacr2 |
||
| 049 | _aREV-E | ||
| 245 | 0 | 0 |
_aSuma psicológica _h[recurso electrónico en línea] |
| 260 |
_aBogotá : _bKonrad Lorenz Fundación Universitaria, _c1994 - |
||
| 310 | _aSemestral | ||
| 506 | 0 | _aAcceso abierto. | |
| 510 | 0 | _aScopus | |
| 510 | 0 | _aPsicodoc. | |
| 510 | 0 | _aEBSCO. | |
| 520 |
_a"Se divulgan artículos de interés general para la psicología concebida como una ciencia y, por lo tanto, acepta reportes de investigación de carácter empírico, tanto a nivel básico como aplicado; discusiones teóricas, filosóficas o conceptuales sobre la disciplina y reinterpretaciones de datos previamente publicados. De la misma forma, reconoce la interdisciplinariedad de la psicología, y por esta razón publica artículos en temáticas afines a otras ciencias (estudios socioculturales, neurociencias, economía y salud, entre otros)". _cSuma psicológica. |
||
| 650 | 4 |
_aPsicología _xInvestigación _915714 |
|
| 650 | 4 |
_aPsicopedagogía _95085 |
|
| 856 | 4 | _uhttps://sumapsicologica.konradlorenz.edu.co/numeros/#toggle-id-1 | |
| 856 | 4 | _uhttps://dialnet.unirioja.es/servlet/revista?codigo=11482 | |
| 905 | _aRevista | ||
| 942 | _cREV-E | ||
| 999 |
_c173099 _d173099 |
||